[Event "7th Open"]
[Site "Dubai UAE"]
[Date "2005.04.12"]
[Round "9"]
[White "Al Sayed,Mohamad"]
[Black "Minasian,Art"]
[Result "1/2-1/2"]
[WhiteElo "2476"]
[BlackElo "2597"]
[EventDate "2005.04.04"]

1. e4 e6 2. d4 d5 3. Nc3 Bb4 4. e5 b6 5. Qg4 g6 6. Bg5 Qd7 7. a3 Bxc3+ 8.
bxc3 Qc6 9. Qf3 h6 10. a4 Ba6 11. Bxa6 Nxa6 12. Bc1 Nb8 13. Ne2 a5 14. O-O
Nd7 15. h4 Ne7 16. h5 Nf5 17. g4 Ng7 18. hxg6 fxg6 19. Qd3 O-O-O 20. Ng3 h5
21. Bg5 Rdg8 22. f3 hxg4 23. fxg4 Nf5 24. gxf5 gxf5 25. Qe3 Nf8 26. Kg2 Ng6
27. Rh1 Rxh1 28. Rxh1 Qxa4 29. Rc1 Qa3 30. Qd2 f4 31. Bxf4 Nxf4+ 32. Qxf4
Qxc3 33. Rf1 Qxc2+ 34. Rf2 Qg6 35. Rf3 Kb7 36. Kf2 Rh8 37. Qc1 Rh2+ 38. Kg1
Rc2 39. Qe3 a4 40. Rf2 b5 41. Qa3 Rc4 42. Kg2 Qb1 43. Qe7 Rc6 44. Qe8 Qd3
45. Rf8 Qxd4 46. Qa8+ Kb6 47. Rb8+ Kc5 48. Qa7+ Kc4 49. Qa5 Qb2+ 50. Kh3 a3
51. Rf8 a2 52. Rf4+ d4 53. Rf1 Qb1 54. Qa8 Rc5 55. Qa3 Qa1 56. Rxa1 Kd5 57.
Kg4 Kxe5 58. Re1+ Kd5 59. Ne4 Rc2 60. Nf6+ Kc4 61. Rxe6 c5 62. Kf3 b4 63.
Ne4 Rh2 64. Re5 b3 65. Rxc5+ 1/2-1/2

[Event "7th Open"]
[Site "Dubai UAE"]
[Date "2005.04.12"]
[Round "9"]
[White "Djuric,S"]
[Black "Gelashvili,T"]
[Result "1-0"]
[WhiteElo "2459"]
[BlackElo "2577"]
[EventDate "2005.04.04"]

1. d4 Nf6 2. Nf3 e6 3. g3 b5 4. Bg2 Bb7 5. O-O Be7 6. c3 a5 7. Bg5 Na6 8.
Qd3 b4 9. Bxf6 gxf6 10. a3 c5 11. axb4 axb4 12. d5 c4 13. Qxc4 Bxd5 14. Qf4
O-O 15. c4 Bc6 16. Nbd2 Nc5 17. Nd4 Bxg2 18. Kxg2 f5 19. Qf3 Bf6 20. e3 Nd3
21. b3 Rxa1 22. Rxa1 Qb6 23. Rd1 Ne5 24. Qe2 Ra8 25. N4f3 Qc6 26. e4 Ra2
27. Nxe5 Bxe5 28. Qe3 Bf6 29. Kh3 Qd6 30. exf5 Bg7 31. fxe6 fxe6 32. Qe1
Qc5 33. Ne4 Qh5+ 34. Kg2 Re2 35. Qxb4 Rxe4 36. Qb8+ Bf8 37. Rxd7 Qf5 38.
Rd3 Re1 39. Qd8 Qf7 40. Rd7 Qg6 41. Rd4 Re4 42. c5 Qg4 43. Rd3 Re5 44. Rd4
Re4 45. Rd3 Rf4 46. c6 Rf7 47. Qd4 Qf5 48. g4 Qb5 49. Qe4 Qb4 50. Qxe6 Qf4
51. f3 h5 52. Qg6+ Kh8 53. Qe4 Qxe4 54. fxe4 Rc7 55. Rc3 hxg4 56. Kg3 Kg7
57. Kxg4 Kf6 58. Rc4 Bd6 59. b4 Bxh2 60. b5 Rg7+ 61. Kf3 Bc7 62. Rd4 Rg3+
63. Ke2 Rc3 64. Rd7 Bf4 65. Rd3 Rc4 66. Rb3 Bb8 67. Kd3 Rc5 68. Kd4 Rc1 69.
Kd5 Rd1+ 70. Kc5 Ke5 71. Kb6 Bd6 72. Kb7 Kxe4 73. b6 1-0

[Event "7th Open"]
[Site "Dubai UAE"]
[Date "2005.04.12"]
[Round "9"]
[White "Al Modiahki,M"]
[Black "Mamedov,Rau"]
[Result "1-0"]
[WhiteElo "2569"]
[BlackElo "2511"]
[EventDate "2005.04.04"]

1. e4 c5 2. c3 d6 3. d4 Nf6 4. Bd3 cxd4 5. cxd4 g6 6. Nf3 Bg7 7. O-O O-O 8.
h3 Nc6 9. Nc3 e5 10. d5 Ne7 11. Be3 h6 12. Rc1 g5 13. Nh2 Ne8 14. Nb5 f5
15. Nxa7 fxe4 16. Nxc8 exd3 17. Bb6 Qd7 18. Nxe7+ Qxe7 19. Qxd3 Rxa2 20.
Qb3 Ra8 21. Ng4 Qf7 22. Ne3 h5 23. Rc4 Qg6 24. Qb5 Bh6 25. Rfc1 Nf6 26. Qb4
Nd7 27. Rc7 Nxb6 28. Qxb6 g4 29. hxg4 hxg4 30. g3 Rab8 31. R7c4 e4 32. Qd4
Rbe8 33. Re1 Re5 34. Qd1 Rf3 35. Rc8+ Bf8 36. Ng2 Qf5 37. Qc2 Qh7 38. Rc4
Rh5 39. Nh4 Rxh4 40. gxh4 g3 41. Rexe4 gxf2+ 42. Kf1 Kh8 43. Rg4 Qf7 44.
Rc7 Be7 45. Rc8+ Bf8 46. Qg6 Qxg6 47. Rxg6 1-0

[Event "7th Open"]
[Site "Dubai UAE"]
[Date "2005.04.12"]
[Round "9"]
[White "Neverov,V"]
[Black "Zhao Xue"]
[Result "1/2-1/2"]
[WhiteElo "2566"]
[BlackElo "2478"]
[EventDate "2005.04.04"]

1. d4 Nf6 2. c4 e6 3. Nf3 b6 4. e3 Bb7 5. Bd3 d5 6. b3 c5 7. O-O cxd4 8.
exd4 Nc6 9. Bb2 Be7 10. Nbd2 O-O 11. Re1 Re8 12. Rc1 Bf8 13. a3 g6 14. c5
a5 15. Bb5 Nd7 16. b4 Bg7 17. Qb3 axb4 18. axb4 Rb8 19. Qa4 Ra8 20. Bxc6
Rxa4 21. Bxa4 bxc5 22. bxc5 Rf8 23. c6 Qa8 24. Bb5 Qa5 25. Bf1 Bc8 26. cxd7
Bxd7 27. Ra1 Qb6 28. Ba3 Ra8 29. Bc5 Qd8 30. Rxa8 Qxa8 31. Rb1 h6 32. h4
Bc8 33. Ne5 Bf8 34. Ndf3 Bg7 35. Bd6 Bb7 36. Bb5 Qa2 37. Bd3 Qa7 38. Bc5
Qa8 39. g4 Qc8 40. Ra1 Bf8 41. Bxf8 Kxf8 42. g5 h5 43. Kg2 Kg7 44. Rb1 Qc7
45. Rb2 Bc8 46. Rc2 Qb7 47. Bb5 Qxb5 48. Rxc8 Qb6 49. Re8 Qc7 50. Ra8 Qb6
51. Rc8 Qd6 52. Kh3 Qb6 53. Rf8 Qb1 54. Rxf7+ Kg8 55. Kg2 Qc2 56. Rf6 Qe4
57. Rxg6+ Kf8 58. Rf6+ Ke7 59. Rf7+ Ke8 60. g6 1/2-1/2

[Event "7th Open"]
[Site "Dubai UAE"]
[Date "2005.04.12"]
[Round "9"]
[White "Kunte,A"]
[Black "Ramesh,R"]
[Result "1/2-1/2"]
[WhiteElo "2561"]
[BlackElo "2466"]
[EventDate "2005.04.04"]

1. e4 e5 2. Nf3 Nf6 3. Nxe5 d6 4. Nf3 Nxe4 5. d4 d5 6. Bd3 Nc6 7. O-O Be7
8. c4 Nb4 9. Be2 O-O 10. Nc3 Bf5 1/2-1/2

[Event "7th Open"]
[Site "Dubai UAE"]
[Date "2005.04.12"]
[Round "9"]
[White "Burmakin,V"]
[Black "Wang Yu A"]
[Result "1-0"]
[WhiteElo "2552"]
[BlackElo "2373"]
[EventDate "2005.04.04"]

1. d4 d5 2. Nf3 Nf6 3. g3 c5 4. dxc5 e6 5. Bg2 Bxc5 6. O-O O-O 7. c4 Nc6 8.
Nbd2 Be7 9. cxd5 exd5 10. Nb3 Bf5 11. Be3 Qd7 12. Nbd4 Nxd4 13. Nxd4 Bh3
14. Qd3 Bc5 15. Rad1 Bxg2 16. Kxg2 Bxd4 17. Bxd4 Rfe8 18. Bxf6 gxf6 1-0

[Event "7th Open"]
[Site "Dubai UAE"]
[Date "2005.04.12"]
[Round "9"]
[White "Volkov,S1"]
[Black "Gupta,Ab"]
[Result "1-0"]
[WhiteElo "2634"]
[BlackElo "2361"]
[EventDate "2005.04.04"]

1. d4 d5 2. c4 c6 3. Nf3 Nf6 4. e3 a6 5. Nbd2 Bf5 6. Qb3 Qc7 7. Bd3 Bg6 8.
O-O Nbd7 9. Re1 e6 10. e4 dxe4 11. Nxe4 Nxe4 12. Bxe4 Bxe4 13. Rxe4 Nf6 14.
Rh4 Be7 15. Bf4 Qc8 16. Qd3 Qd8 17. Re1 Bd6 18. Bg5 Qa5 19. Bxf6 gxf6 20.
Rxh7 O-O-O 21. c5 Bc7 22. b4 Qxb4 23. Rb1 Qa4 24. Rxf7 Qxa2 25. Rxf6 Rxd4
26. Qf1 Bxh2+ 27. Nxh2 Rdh4 28. f3 Rxh2 29. Rf8+ Rxf8 30. Kxh2 Rh8+ 31. Kg3
Qd2 32. Re1 Rg8+ 33. Kh2 Rh8+ 34. Kg3 Qg5+ 35. Kf2 Qxc5+ 36. Re3 Rd8 37.
Qe2 Rd5 38. Qb2 Kb8 39. g4 Qd6 40. Qh8+ Ka7 41. Re2 Qf4 42. Qh7 Rd1 43. Qc2
Qd4+ 44. Kg3 Rg1+ 45. Kh2 Rf1 46. Kg3 Qg1+ 47. Rg2 Qd4 48. Re2 Rh1 49. Qe4
Qd8 50. Qe3+ Ka8 51. Qxe6 Qc7+ 52. Qe5 Qxe5+ 53. Rxe5 b5 54. g5 b4 55. f4
b3 56. Re2 a5 57. Rg2 a4 58. g6 Rh8 59. Rb2 Rg8 60. f5 c5 61. Rb1 c4 62.
Ra1 a3 63. Rxa3+ Kb7 64. Ra4 Rc8 65. g7 c3 66. Rb4+ Kc7 67. Rc4+ 1-0

[Event "7th Open"]
[Site "Dubai UAE"]
[Date "2005.04.12"]
[Round "9"]
[White "Sorokin,M"]
[Black "Tissir,M"]
[Result "1-0"]
[WhiteElo "2599"]
[BlackElo "2442"]
[EventDate "2005.04.04"]

1. Nf3 Nf6 2. c4 e6 3. g3 d5 4. Bg2 dxc4 5. Qa4+ Nbd7 6. Qxc4 c5 7. d3 a6
8. Qb3 Be7 9. a4 O-O 10. a5 Nd5 11. Nbd2 Nb4 12. Nc4 Nc6 13. Bf4 Kh8 14.
O-O f6 15. Rfc1 e5 16. Bd2 Rb8 17. Qa4 Qe8 18. Ne1 Nd4 19. Kf1 Qh5 20. e3
Nb5 21. Kg1 Rd8 22. b4 Qe8 23. Na3 Na7 24. Rab1 cxb4 25. Bxb4 Nf8 26. Qxe8
Rxe8 27. Rc7 Bxb4 28. Rxb4 Ne6 29. Rc3 Nd8 30. Nec2 Bd7 31. Rc7 Bc6 32. Rb6
Ne6 33. Bxc6 Nxc6 34. Rcxb7 Rxb7 35. Rxb7 Nxa5 36. Ra7 Nb3 37. Rxa6 Nbc5
38. Rd6 Rd8 39. Rxd8+ Nxd8 40. Nb4 Nde6 41. f4 e4 42. d4 Nb7 43. Nb5 g6 44.
g4 Kg8 45. Kf2 Kf7 46. Kg3 f5 47. Kh4 g5+ 48. fxg5 Kg6 49. Nd5 fxg4 50.
Kxg4 Nxg5 51. Ndc3 Nf3 52. h3 Nd2 53. Kf4 Kh5 54. Nxe4 Nc4 55. Nf6+ Kh4 56.
Nxh7 Kxh3 57. Ng5+ Kh4 58. Nf7 Kh5 59. e4 Nba5 60. Nfd6 Nb6 61. Kf5 Nc6 62.
Nf7 Nd7 63. d5 Nb4 64. d6 Nc5 65. e5 Nc6 66. e6 Nb7 67. Kf6 Kh4 68. Ne5
Nxd6 69. Nxd6 1-0

[Event "7th Open"]
[Site "Dubai UAE"]
[Date "2005.04.12"]
[Round "9"]
[White "Bistric,F"]
[Black "Sandipan,C"]
[Result "0-1"]
[WhiteElo "2440"]
[BlackElo "2558"]
[EventDate "2005.04.04"]

1. e4 c5 2. Nf3 d6 3. d4 cxd4 4. Nxd4 Nf6 5. Nc3 a6 6. Bc4 e6 7. O-O Nc6 8.
a3 Be7 9. Ba2 O-O 10. Be3 Qc7 11. f4 Nxd4 12. Bxd4 b5 13. f5 e5 14. Be3 Bb7
15. Qd3 Nxe4 16. Nxe4 Qc6 17. f6 gxf6 18. Bh6 Qxe4 19. Qh3 Kh8 20. Rae1
Qd4+ 21. Be3 Qxb2 22. Qd7 Rae8 23. Bxf7 Qxc2 24. Rf2 Qc3 25. Bd2 Qc6 26.
Bxe8 Rxe8 27. Qe6 Bd8 28. Qf7 Rg8 29. Ree2 Qd5 30. Rxf6 Rxg2+ 31. Kf1 Rg1+
32. Kxg1 Bb6+ 0-1

[Event "7th Open"]
[Site "Dubai UAE"]
[Date "2005.04.12"]
[Round "9"]
[White "Sulskis,S"]
[Black "Maric,A"]
[Result "1-0"]
[WhiteElo "2545"]
[BlackElo "2416"]
[EventDate "2005.04.04"]

1. e4 e6 2. d4 d5 3. Nc3 dxe4 4. Nxe4 Nd7 5. g4 Rb8 6. Bg2 b5 7. Qe2 Bb7 8.
Bd2 Be7 9. O-O-O f5 10. d5 fxe4 11. dxe6 Nb6 12. Bc3 Bg5+ 13. Kb1 Qe7 14.
Bxe4 Bxe4 15. Qxe4 Nf6 16. Qc6+ Kf8 17. Nh3 h6 18. f4 Bh4 19. g5 Ne8 20.
Rhg1 Kg8 21. Rd7 Nxd7 22. exd7 Rd8 23. Qd5+ Qf7 24. dxe8=Q+ Rxe8 25. Qxb5
hxg5 26. Nxg5 Bxg5 27. Rxg5 Kh7 28. b3 Rd8 29. Qe5 Rhe8 1-0

[Event "7th Open"]
[Site "Dubai UAE"]
[Date "2005.04.12"]
[Round "9"]
[White "Ibrahimov,R"]
[Black "Kulicov,O"]
[Result "1-0"]
[WhiteElo "2511"]
[BlackElo "2402"]
[EventDate "2005.04.04"]

1. Nf3 Nf6 2. c4 c5 3. Nc3 g6 4. d4 cxd4 5. Nxd4 Nc6 6. e4 Nxd4 7. Qxd4 d6
8. f3 Bg7 9. Be3 O-O 10. Qd2 Be6 11. Rc1 Qa5 12. b3 Rfc8 13. Be2 a6 14. Na4
Qxd2+ 15. Kxd2 Nd7 16. g4 Rc6 17. Nc3 Nc5 18. Nd5 Kf8 19. Rc2 a5 20. Rb1
Bc8 21. Ke1 e6 22. Nc3 b6 23. Rd1 Ke7 24. Nb5 Ba6 25. Rcd2 Rd8 26. Nd4 Rc7
27. Kf2 Bb7 28. Nb5 Rcd7 29. Bg5+ f6 30. Bf4 e5 31. Be3 Bc6 32. Nc3 Rf8 33.
Bd3 Rb8 34. Bc2 h5 35. g5 Rf8 36. gxf6+ Bxf6 37. Rg1 Re8 38. a3 Bh4+ 39.
Ke2 Rb7 40. b4 axb4 41. axb4 Ne6 42. b5 Bd7 43. Nd5+ 1-0

[Event "7th Open"]
[Site "Dubai UAE"]
[Date "2005.04.12"]
[Round "9"]
[White "Kayumov,S"]
[Black "Sundararajan,K"]
[Result "1-0"]
[WhiteElo "2400"]
[BlackElo "2491"]
[EventDate "2005.04.04"]

1. e4 e5 2. Nf3 Nc6 3. Bc4 Bc5 4. c3 Nf6 5. d3 a6 6. Bb3 Ba7 7. O-O d6 8.
Be3 O-O 9. Nbd2 Ne7 10. Bxa7 Rxa7 11. Nh4 d5 12. f4 exf4 13. Rxf4 Ng6 14.
Nxg6 hxg6 15. exd5 Nxd5 16. Rd4 c6 17. Bxd5 cxd5 18. Qf3 Be6 19. Qf2 Ra8
20. Nf3 g5 21. h4 gxh4 22. Rxh4 Bf5 23. Qd4 Re8 24. Rh5 Be6 25. Ng5 f6 26.
Rh7 Qc7 27. Qh4 fxg5 28. Qh5 Qb6+ 29. d4 Kf8 30. Qxg5 Re7 31. Rf1+ Ke8 32.
Rh8+ Kd7 33. Rxa8 Qxb2 34. Qg3 Qxa2 35. Qb8 Kc6 36. Qf8 Rc7 37. Rd8 Kb6 38.
Qb4+ Ka7 39. Rff8 1-0

[Event "7th Open"]
[Site "Dubai UAE"]
[Date "2005.04.12"]
[Round "9"]
[White "Xu Yuhua"]
[Black "Al Qudaimi,B"]
[Result "1-0"]
[WhiteElo "2478"]
[BlackElo "2363"]
[EventDate "2005.04.04"]

1. e4 e6 2. d4 d5 3. Nc3 Nf6 4. e5 Ne4 5. Nce2 f5 6. h4 Be7 7. g3 c5 8. f3
Nxg3 9. Nxg3 Bxh4 10. Rh3 g5 11. Rxh4 gxh4 12. Nh5 cxd4 13. Nh3 Kd7 14.
Bb5+ Kc7 15. Qxd4 b6 16. Be3 Kb7 17. c4 a6 18. Ba4 dxc4 19. Qxc4 Qc7 20.
Qxc7+ Kxc7 21. Rc1+ Kb7 22. Ng5 1-0

[Event "7th Open"]
[Site "Dubai UAE"]
[Date "2005.04.12"]
[Round "9"]
[White "Asik,J"]
[Black "Wang Rui"]
[Result "0-1"]
[WhiteElo "2305"]
[BlackElo "2457"]
[EventDate "2005.04.04"]

1. e4 c5 2. Nf3 e6 3. d4 cxd4 4. Nxd4 Nc6 5. Nxc6 bxc6 6. Nd2 Ne7 7. Bd3
Ng6 8. O-O e5 9. Qf3 Bc5 10. Nb3 Be7 11. Bd2 O-O 12. Ba5 Qe8 13. g3 d6 14.
Bc4 Bh3 15. Rfe1 Qc8 16. Qe2 Kh8 17. Rad1 f5 18. Ba6 Qe6 19. Bb7 fxe4 20.
Bxc6 Nf4 21. Qxe4 Bg2 22. Qa4 Bxc6 23. Qxc6 Rac8 24. Bc7 Nh3+ 25. Kg2 Rxf2+
26. Kh1 Qf7 27. Nd2 Bf8 0-1

[Event "7th Open"]
[Site "Dubai UAE"]
[Date "2005.04.12"]
[Round "9"]
[White "Safarli,E"]
[Black "Kobalia,M"]
[Result "0-1"]
[WhiteElo "2328"]
[BlackElo "2644"]
[EventDate "2005.04.04"]

1. e4 c5 2. Nf3 e6 3. d4 cxd4 4. Nxd4 a6 5. Nc3 Qc7 6. g3 Bb4 7. Nde2 Be7
8. Bg2 d6 9. O-O Nf6 10. h3 Nc6 11. g4 b5 12. Ng3 Bb7 13. g5 Nd7 14. f4 g6
15. b3 h6 16. gxh6 Bf6 17. Bb2 Rxh6 18. Qd2 Rh7 19. f5 Be5 20. fxg6 fxg6
21. Nge2 O-O-O 22. Rad1 g5 23. Nb1 0-1

[Event "7th Open"]
[Site "Dubai UAE"]
[Date "2005.04.12"]
[Round "9"]
[White "Najjar,A"]
[Black "Kuzubov,Y"]
[Result "0-1"]
[WhiteElo "2322"]
[BlackElo "2558"]
[EventDate "2005.04.04"]

1. d4 Nf6 2. Nf3 d6 3. Nc3 g6 4. e4 Bg7 5. Bc4 c6 6. Bb3 O-O 7. h3 Qc7 8.
Bf4 Nbd7 9. O-O e5 10. dxe5 dxe5 11. Be3 b5 12. a3 a5 13. Qd2 Bb7 14. Rfd1
Rad8 15. Ng5 h6 16. Bxf7+ Rxf7 17. Ne6 Qc8 18. Nxd8 Qxd8 19. Bxh6 Qf8 20.
Bxg7 Kxg7 21. f3 Nb6 22. Qf2 Nc4 23. Rab1 Bc8 24. Kh2 Be6 25. Qh4 Qe7 26.
Kh1 Rf8 27. Rd3 Rh8 28. Qf2 Nh5 29. Ne2 Nf4 30. Nxf4 exf4 31. Qd4+ Kh7 32.
Kg1 c5 33. Qf2 Kg7 34. b3 Ne3 35. Rxe3 fxe3 36. Qxe3 Qd6 37. f4 Qd4 38. Kf2
Rd8 39. Qxd4+ cxd4 40. b4 a4 41. Ke2 Rc8 42. Kd3 Rc3+ 43. Kxd4 Rxa3 44. Rd1
Kf6 45. g4 Rxh3 46. g5+ Ke7 47. Ke5 Re3 48. Rh1 Bf5 49. Rh7+ Ke8 50. Rh8+
Kd7 51. Kd5 Rxe4 52. Rh7+ Re7 53. Rh8 Bxc2 54. Kc5 Bd3 0-1

[Event "7th Open"]
[Site "Dubai UAE"]
[Date "2005.04.12"]
[Round "9"]
[White "Shashikant,K"]
[Black "Wu Wenjin"]
[Result "0-1"]
[WhiteElo "2303"]
[BlackElo "2535"]
[EventDate "2005.04.04"]

1. e4 c5 2. Nf3 Nc6 3. d4 cxd4 4. Nxd4 Qb6 5. Nb3 e6 6. Nc3 a6 7. Bd3 Nf6
8. O-O Be7 9. Be3 Qc7 10. f4 d6 11. Qf3 Nb4 12. a3 Nxd3 13. cxd3 O-O 14.
Rac1 Qd8 15. Nd4 Nd7 16. b4 Rb8 17. Qh3 Nf6 18. Qf3 Bd7 19. e5 Ne8 20. Ne4
a5 21. Qh5 axb4 22. axb4 Rc8 23. Rce1 f5 24. exd6 fxe4 25. dxe7 Qxe7 26.
dxe4 Nf6 27. Qf3 Qxb4 28. e5 Nd5 29. f5 Rc3 30. Qe4 Nxe3 31. Rxe3 Rc4 32.
Rd3 Bc6 33. Qe3 exf5 34. Rb3 Qc5 35. Nxf5 Re8 36. Kh1 Qxe5 37. Qg5 Rf4 38.
Rbb1 Rxf1+ 39. Rxf1 Kh8 40. Qg4 Bb5 0-1

[Event "7th Open"]
[Site "Dubai UAE"]
[Date "2005.04.12"]
[Round "9"]
[White "Svetushkin,D"]
[Black "Shetty,R"]
[Result "0-1"]
[WhiteElo "2530"]
[BlackElo "2348"]
[EventDate "2005.04.04"]

1. e4 c5 2. d3 Nc6 3. g3 g6 4. Bg2 Bg7 5. f4 d6 6. Nf3 Nf6 7. O-O O-O 8. h3
Rb8 9. Nc3 b5 10. a3 a5 11. Ne2 b4 12. a4 c4 13. Nd2 cxd3 14. cxd3 Ba6 15.
Nb3 Qb6+ 16. d4 Bxe2 17. Qxe2 Nxd4 18. Nxd4 Nd7 19. Kh1 Bxd4 20. e5 dxe5
21. fxe5 Bxe5 22. Bh6 Rfd8 23. Rac1 Bf6 24. Rfd1 Nf8 25. Bd5 Rbc8 26. Be3
Qb8 27. Bf4 e5 28. Be3 Rxc1 29. Bxc1 Qc8 30. Qf1 Kg7 31. Be3 Ne6 32. h4 Nc7
33. Bg2 Rxd1 34. Qxd1 Qd8 35. Qf1 Ne6 36. Kh2 Nd4 37. Qc1 h5 38. Qc5 Nf5
39. Bf2 Qd2 40. b3 e4 41. Bg1 e3 0-1

[Event "7th Open"]
[Site "Dubai UAE"]
[Date "2005.04.12"]
[Round "9"]
[White "Moradiabadi,E"]
[Black "Eid,Fa"]
[Result "1/2-1/2"]
[WhiteElo "2502"]
[BlackElo "2332"]
[EventDate "2005.04.04"]

1. c4 g6 2. g3 Bg7 3. d4 Nf6 4. Bg2 O-O 5. Nf3 d6 6. O-O Nc6 7. h3 a6 8.
Be3 e6 9. Nc3 Rb8 10. Rc1 Ne7 11. a4 b6 12. Qd3 Bb7 13. b4 Nf5 14. Bf4 Bxf3
15. Bxf3 Nd7 16. d5 e5 17. Bd2 Nd4 18. Qb1 a5 1/2-1/2

[Event "7th Open"]
[Site "Dubai UAE"]
[Date "2005.04.12"]
[Round "9"]
[White "El Taher,F"]
[Black "Simonsen,H"]
[Result "1-0"]
[WhiteElo "2458"]
[BlackElo "2317"]
[EventDate "2005.04.04"]

1. e4 e6 2. d4 d5 3. Nc3 Bb4 4. e5 Ne7 5. a3 Bxc3+ 6. bxc3 b6 7. Qg4 Kf8 8.
h4 Ba6 9. Ne2 h5 10. Qf3 Bxe2 11. Bxe2 c5 12. Bg5 Nbc6 13. Rd1 Qc7 14. Rh3
Rc8 15. g4 hxg4 16. Qxg4 Nf5 17. h5 Nce7 18. Bd3 c4 19. Bxf5 Nxf5 20. Kd2
Ke8 21. Rdh1 Kd7 22. h6 gxh6 23. Bxh6 Rcg8 24. Bg5 Rxh3 25. Rxh3 Kc6 26.
Rh7 Rg7 27. Rxg7 Nxg7 28. Bf6 Nf5 29. Qg8 Qd7 30. Qf8 Kb7 31. Kd1 a6 32.
Kc1 Ka7 33. Kd2 Kb7 34. Ke2 Ka7 35. Kf3 a5 36. Kg4 Ka6 37. Kg5 Kb5 38. Bd8
Kc6 39. Bf6 Kb5 40. Qb8 Qc6 41. Bd8 Ng7 42. Kf6 Nh5+ 43. Kxf7 Nf4 44. Kf6
Ka4 45. Bxb6 Qd7 46. Bxa5 Nh5+ 47. Kg5 Qg7+ 48. Kxh5 Qh7+ 49. Kg5 Qg7+ 50.
Kf4 Qh6+ 51. Kf3 Qh5+ 52. Ke3 Qg5+ 53. Ke2 Qh5+ 54. f3 Qh2+ 55. Ke3 Qh6+
56. f4 Qh3+ 57. Kd2 1-0

[Event "7th Open"]
[Site "Dubai UAE"]
[Date "2005.04.12"]
[Round "9"]
[White "Sale,S"]
[Black "Balaji,G"]
[Result "0-1"]
[WhiteElo "2449"]
[BlackElo "2298"]
[EventDate "2005.04.04"]

1. Nf3 Nf6 2. g3 g6 3. b3 Bg7 4. Bb2 O-O 5. Bg2 d6 6. d4 e5 7. dxe5 Nfd7 8.
Qd2 dxe5 9. e4 Nc6 10. Nc3 Nf6 11. O-O-O Qxd2+ 12. Nxd2 Ng4 13. Rdf1 Be6
14. Nd5 Rac8 15. h3 Nh6 16. Nc4 f6 17. Nce3 Rf7 18. Rd1 Nb8 19. Nc4 Bf8 20.
f4 b5 21. Nce3 c6 22. Nc3 Bc5 23. Rhe1 Rd7 24. Rxd7 Nxd7 25. Ncd1 a5 26.
Nf2 Bd4 27. Bxd4 exd4 28. Neg4 Nxg4 29. Nxg4 h5 30. Nf2 c5 31. a3 c4 32.
bxc4 bxc4 33. Rd1 d3 34. Kd2 Nc5 35. Ke3 dxc2 36. Rc1 Rb8 37. Rxc2 Rb3+ 38.
Ke2 Rxg3 39. f5 Bd7 40. Bf3 Nb3 41. Ke3 Rxf3+ 0-1

[Event "7th Open"]
[Site "Dubai UAE"]
[Date "2005.04.12"]
[Round "9"]
[White "Danielian,E"]
[Black "Aleskerov,F"]
[Result "1/2-1/2"]
[WhiteElo "2415"]
[BlackElo "2319"]
[EventDate "2005.04.04"]

1. d4 c5 2. d5 e5 3. e4 d6 4. Nc3 Be7 5. Bb5+ Bd7 6. a4 Nf6 7. Nf3 O-O 8.
Nd2 Ne8 9. O-O g6 10. Nc4 a6 11. Bxd7 Nxd7 12. Bh6 Ng7 13. a5 f5 14. f4 b5
15. axb6 Nxb6 16. Nxb6 Qxb6 17. fxe5 dxe5 18. Na4 Qf6 19. Qe2 Qd6 20. Be3
Rac8 21. Qc4 f4 22. Bf2 Kh8 23. Rfd1 g5 24. Nc3 Ra8 25. Ra5 Qb6 26. Rda1 g4
27. b3 g3 28. hxg3 fxg3 29. Bxg3 1/2-1/2

[Event "7th Open"]
[Site "Dubai UAE"]
[Date "2005.04.12"]
[Round "9"]
[White "Huang Qian"]
[Black "Mari Arul,S"]
[Result "1-0"]
[WhiteElo "2382"]
[BlackElo "2286"]
[EventDate "2005.04.04"]

1. d4 Nf6 2. c4 c5 3. d5 b5 4. cxb5 a6 5. bxa6 g6 6. Nc3 Bxa6 7. e4 Bxf1 8.
Kxf1 d6 9. g3 Bg7 10. Kg2 O-O 11. Nf3 Nbd7 12. h3 Qa5 13. Re1 Rfb8 14. Qc2
Nb6 15. Nd1 Qa6 16. Bd2 Na4 17. b3 Ne8 18. Nc3 Nb6 19. a4 Nc7 20. a5 Nd7
21. Ra4 Ra7 22. Rb1 Rab7 23. Na2 Qb5 24. Rc4 Qa6 25. Nc1 Nb5 26. Ra4 Ne5
27. Nxe5 Bxe5 28. Qc4 Nc7 29. Qxa6 Nxa6 30. Kf1 f5 31. Ke2 fxe4 32. Rxe4
Nc7 33. Nd3 Bf6 34. b4 Nxd5 35. Rc4 cxb4 36. Nxb4 Kf7 37. Rb3 Rb5 38. a6
Ra8 39. Ra3 Nxb4 40. Rxb4 Rxb4 41. Bxb4 Bd4 42. Bd2 Bc5 43. Ra2 Ke6 44. Be3
Bxe3 45. Kxe3 Kd5 46. f4 e6 47. a7 Kc6 48. Ra6+ Kc7 49. Kd4 Kb7 50. Rxd6
Kxa7 51. Rxe6 Rd8+ 52. Ke4 Rd7 53. g4 Kb7 54. Ke5 Rd3 55. Re7+ 1-0

[Event "7th Open"]
[Site "Dubai UAE"]
[Date "2005.04.12"]
[Round "9"]
[White "El Arousy,A"]
[Black "Poulsen,Ma"]
[Result "1-0"]
[WhiteElo "2371"]
[BlackElo "2285"]
[EventDate "2005.04.04"]

1. e4 e6 2. d4 d5 3. Nd2 dxe4 4. Nxe4 Bd7 5. Nf3 Bc6 6. Bd3 Nd7 7. O-O Ngf6
8. Ned2 Bxf3 9. Qxf3 c6 10. Re1 Be7 11. Nc4 O-O 12. Bf4 Re8 13. c3 Nf8 14.
Rad1 Ng6 15. Bg3 Nd5 16. h3 Bf6 17. Nd6 Re7 18. Ne4 Rd7 19. Nc5 Re7 20. h4
b6 21. h5 bxc5 22. hxg6 hxg6 23. dxc5 Qa5 24. c4 Nb4 25. Be4 Qxa2 26. Bxc6
Rc8 27. Bd7 Rxc5 28. Bd6 Rxd7 29. Bxc5 Rxd1 30. Rxd1 Qxc4 31. Qa8+ Kh7 32.
Bxb4 Qxb4 33. Qxa7 Qb3 34. Re1 e5 35. Qa3 Qc2 36. Qc3 Qa4 37. Qh3+ Kg8 38.
Rc1 Be7 39. Rc8+ Bf8 40. Qa3 Qd1+ 41. Kh2 Qh5+ 42. Qh3 Qe2 43. Qh4 g5 44.
Qb4 Kh7 45. Rxf8 e4 46. Qd4 Qg4 47. Kg1 Qf4 48. g3 1-0